| 000 | 00644nam a2200217 u 4500 | ||
|---|---|---|---|
| 005 | 20230310063622.0 | ||
| 008 | 160413s1996 r 000 0 eng d | ||
| 020 | _a848237060X | ||
| 035 | _aUPN01000209460 | ||
| 049 | _aCG | ||
| 050 | 4 |
_aPR6001 M5.7 _bB5.3 |
|
| 100 | 1 |
_aAmis, Kingsley, _d1922-1995 _938743 |
|
| 245 | 1 | 3 |
_aEl bigote del biógrafo / _cKingsley Amis ; tr. Núria Lago Jaraiz. |
| 260 |
_aBarcelona, Esp. : _bThassàlia, _c1996. |
||
| 300 | _a283 p. | ||
| 440 | 0 | _aThassàlia & fiction | |
| 534 |
_pTítulo original: _tThe biographer's moustache |
||
| 650 | 4 |
_aNovela inglesa _94471 |
|
| 905 | _aLibro | ||
| 999 |
_c181561 _d181561 |
||